Etelä-Korea-visa - Statistics

Yleistilastot
  • Tätä visaa on pelattu 1 016 kertaa
  • Keskiarvotulos 11 / 20
Vastaustilastot
Vihje Vastaus % Oikein
Pääkaupunki Soul
98%
Psyn tekemä rap-video pääkaupungin varakkaasta kaupunginosasta {Gangnam} Style
81%
Vuonna 2017 Etelä-Koreassa oli maailman nopein {Internet}yhteys
80%
Yleisimmät sukunimet Kim
76%
Suurin yhtiö Samsung
71%
Idässä sijaitseva meri {Japanin}meri
66%
Korealainen hapatettu kaaliruoka Kimchi
62%
Korealainen kamppailulaji, mukana olympialaisissa Taekwondo
62%
Suurimmat autojen valmistajat Kia
61%
Suurimmat autojen valmistajat Hyundai
59%
Etelä-Korean valuutta Won
52%
Suosituin urheilulaji katsojalukujen mukaan Baseball
47%
Toiseksi väkirikkain kaupunkialue Busan
47%
Yleisimmät sukunimet Lee
46%
Etelä-Korean ja Pohjois-Korean välissä oleva alue {Demilitarisoitu} vyöhyke
41%
Yleisimmät sukunimet Park
39%
Lännessä sijaitseva meri {Keltainen}meri
38%
Suurin saari Jeju
32%
Korealainen ruokalaji, jonka nimi tarkoittaa "riisisekoitusta" Bibimbap
21%
Itsejulistautunut uskonnollinen messias, joka kuoli 2012 Sun Myung {Moon}
15%
Ehtoja vastaavia visoja ei löytynyt
Tulosjakauma
Jokaisen tuloksen saaneiden osuus
Persentiili vastausten määrän mukaan
Tuloshistoriasi
Et ole pelannut tätä visaa